| 000 | 00418cam a2200157ua 4500 | ||
|---|---|---|---|
| 041 |
_aeng _h |
||
| 082 |
_a658.562 _bMON/IN |
||
| 100 | _aMontgomery, Douglas C . | ||
| 245 |
_aIntroduction to statistical quality control / _cDouglas C Montgomery. _hTextual Documents |
||
| 250 |
_a4 / _b. |
||
| 260 |
_aNew Delhi : _bWiley India , _c2007. |
||
| 300 | _a798 ; . | ||
| 504 | _a | ||
| 942 | _cBK | ||
| 999 |
_c13134 _d13134 |
||